000 007310000a22002050004500
090 _aAR
_b01142
245 1 0 _aComparison of frugivory by howling monkeys (<Alouatta palliata>) and bats (<Artibeus jamaicensis>) in the tropical rain forest of Los Tuxtlas, Mexico
650 1 4 _aHábitos alimentarios
_93824
650 1 4 _aFrugivoría
_97233
650 1 4 _aPartición de recursos
_994382
653 _gAlouatta
_eAlouatta palliata
653 _gArtibeus
_eArtibeus jamaicensis
041 0 _aInglés
700 1 _aCoates Estrada, Rosamond
_993379
700 1 _aOrozco Segovia, Alma
_994383
700 1 _aVásquez Yanes, Carlos
_994384
100 1 _aEstrada, Alejandro
_993380
942 _cARTICULO
773 1 _tPreprint
_33
_q1-11
_d1984
999 _c10228
_d10228